| 000 | 01031nam a22002297a 4500 | ||
|---|---|---|---|
| 005 | 2010072208288.0 | ||
| 010 | _aHIN-89734 | ||
| 020 |
_c200.00 _a8121402220 |
||
| 035 | _aHN-62080 | ||
| 037 | _bDBAD/PUB | ||
| 082 | _a821 | ||
| 100 |
_aसाहनी, दीनानाथ _9699 |
||
| 245 |
_aअपने ही शहर में / _cदीनानाथ साहनी |
||
| 246 |
_aAapne Shhar main _bby Deenanath Sahani |
||
| 260 |
_aनयी दिल्ली _bनेशनल पब्लिशिंग हाउस _c2008 |
||
| 270 |
_a2/35 अंसारी रोड, दरियागंज _bनयी दिल्ली _e110002 _l011-23254407 |
||
| 300 |
_a146 पृ. _c22 सेमी.(सजिल्द) |
||
| 650 |
_aहिन्दी कविता _9697 |
||
| 650 |
_aHindi Poetry _9698 |
||
| 942 |
_2ddc _cHN _h821 _mसाहनी |
||
| 999 |
_c37211 _d37211 |
||